Statystyki dla Herby klubów w Ekstraklasie (2023/2024)

Kliknij tutaj aby rozwiązać quiz!

Ogólne statystyki

  • Ten quiz został rozwiązany 70 razy
  • Średni wynik to 16 z 18

Statystyki odpowiedzi

Odpowiedź% Poprawnych
Legia Warszawa
100%
Lech Poznań
96%
Cracovia
94%
Górnik Zabrze
94%
Pogoń Szczecin
94%
Ruch Chorzów
94%
Jagiellonia Białystok
92%
Raków Częstochowa
92%
Warta Poznań
92%
Stal Mielec
90%
ŁKS Łódź
88%
Widzew Łódź
88%
Piast Gliwice
86%
Puszcza Niepołomice
86%
Radomiak Radom
86%
Śląsk Wrocław
86%
Zaglębie Lubin
84%
Korona Kielce
82%

Rozkład punktacji

Percentyl według liczby udzielonych odpowiedzi

Procent ludzi z każdym wynikiem

Twoja historia wyników

Nie rozwiązałeś tego quizu